American history : (Record no. 53)

MARC details
000 -LEADER
fixed length control field 00948nam a22002537a 4500
003 - CONTROL NUMBER IDENTIFIER
control field OSt
005 - DATE AND TIME OF LATEST TRANSACTION
control field 20230103133226.0
008 - FIXED-LENGTH DATA ELEMENTS--GENERAL INFORMATION
fixed length control field 230103b |||||||| |||| 00| 0 eng d
020 ## - INTERNATIONAL STANDARD BOOK NUMBER
International Standard Book Number 0028224388 (teacher's wraparound ed.)
020 ## - INTERNATIONAL STANDARD BOOK NUMBER
International Standard Book Number 0028224337 (student ed.)
040 ## - CATALOGING SOURCE
Original cataloging agency DLC
Transcribing agency KMU
043 ## - GEOGRAPHIC AREA CODE
Geographic area code n-us---
050 00 - LIBRARY OF CONGRESS CALL NUMBER
Classification number E661
Item number .R576 1999
100 1# - MAIN ENTRY--PERSONAL NAME
Personal name Ritchie, Donald A.,
Dates associated with a name 1945-
245 10 - TITLE STATEMENT
Title American history :
Remainder of title the modern era since 1865 /
Statement of responsibility, etc. Donald A. Ritchie.
250 ## - EDITION STATEMENT
Edition statement Teacher's wraparound ed., multimedia ed.
260 ## - PUBLICATION, DISTRIBUTION, ETC.
Place of publication, distribution, etc. New York :
Name of publisher, distributor, etc. Glencoe/McGraw-Hill,
Date of publication, distribution, etc. c1999.
300 ## - PHYSICAL DESCRIPTION
Extent 87, xxviii-xxxviii, 918 p. :
Other physical details ill. (some col.), col. maps ;
Dimensions 30 cm.
504 ## - BIBLIOGRAPHY, ETC. NOTE
Bibliography, etc. note Includes bibliographical references and index.
651 #0 - SUBJECT ADDED ENTRY--GEOGRAPHIC NAME
Geographic name United States
General subdivision History
Chronological subdivision 1865-
906 ## - LOCAL DATA ELEMENT F, LDF (RLIN)
a 7
b cbc
c orignew
d 2
e ncip
f 19
g y-gencatlg
942 ## - ADDED ENTRY ELEMENTS (KOHA)
Source of classification or shelving scheme Library of Congress Classification
Koha item type Non-Fiction
Suppress in OPAC No
Holdings
Withdrawn status Lost status Source of classification or shelving scheme Damaged status Not for loan Collection Home library Current library Shelving location Date acquired Source of acquisition Total Checkouts Full call number Barcode Date last seen Date last checked out Price effective from Koha item type
    Library of Congress Classification     Non-fiction Kapasa Makasa University Kapasa Makasa University Open Access 30.12.2022 DOC MWALE 1 E 169.1 Rit 1999 300052 30.09.2025 16.09.2025 03.01.2023 Non-Fiction